000 00350nam a2200145Ia 4500
008 230312s9999||||xx |||||||||||||| ||und||
020 _a0-8031-0975-X
082 _a025.066
_bBOT-C
100 _aWempen,Faithe
245 0 _aDigital Literacy for Dummies
260 _bASTM
_aUSA
_c1988
300 _a109
650 _aComputer
_vComputer
942 _cBK
999 _c15790
_d15790